000 00357nam a2200133Ia 4500
008 100328s9999 xx 000 0 und d
082 _b54494
100 _aChitambar J.B.
245 _aIntroductory Rural Sociology
260 _bWiley Eastern Limited
630 _aIntroductory Rural Sociology
730 _aIntroductory Rural Sociology
942 _cBOOK
999 _c541210
_d541207